Anger : (Record no. 826)
[ view plain ]
| 000 -LEADER | |
|---|---|
| fixed length control field | 00780nam a2200193 a 4500 |
| 005 - DATE AND TIME OF LATEST TRANSACTION | |
| control field | 20260322212035.0 |
| 008 - FIXED-LENGTH DATA ELEMENTS--GENERAL INFORMATION | |
| fixed length control field | data |
| 099 ## - LOCAL FREE-TEXT CALL NUMBER (OCLC) | |
| Classification number | DVD WM 600 A544 |
| 001 - CONTROL NUMBER | |
| control field | data |
| 100 1# - MAIN ENTRY--PERSONAL NAME | |
| Personal name | Millman, Robert B. |
| 245 10 - TITLE STATEMENT | |
| Title | Anger : |
| Remainder of title | myths and truths about the emotion. |
| Statement of responsibility, etc. | Robert B. Millman & Brad Bushman. |
| 260 ## - PUBLICATION, DISTRIBUTION, ETC. | |
| Place of publication, distribution, etc. | New York, NY ; |
| Name of publisher, distributor, etc. | Films Media Group, |
| Date of publication, distribution, etc. | 2008. |
| 300 ## - PHYSICAL DESCRIPTION | |
| Extent | DVD video 1 videodisc (30 min.) : |
| Other physical details | 4 3/4 in. |
| 500 ## - GENERAL NOTE | |
| General note | Participants: Lewis Black. |
| 520 ## - SUMMARY, ETC. | |
| Summary, etc. | Dr. Robert Millman and Dr. Brad Bushman discuss the connections between volatile tempers and towering egos, and narcissism and aggression. Angry comedian Lewis Black points out the seeds of fury in everyday realities, like waiting in line. |
| 650 #0 - SUBJECT ADDED ENTRY--TOPICAL TERM | |
| Topical term or geographic name entry element | Anger |
| 650 #0 - SUBJECT ADDED ENTRY--TOPICAL TERM | |
| Topical term or geographic name entry element | anger management |
| 700 1# - ADDED ENTRY--PERSONAL NAME | |
| Personal name | Bushman, Brad |
| Withdrawn status | Lost status | Damaged status | Not for loan | Home library | Current library | Shelving location | Date acquired | Total checkouts | Full call number | Barcode | Date last seen | Price effective from | Koha item type |
|---|---|---|---|---|---|---|---|---|---|---|---|---|---|
| Franklin | Franklin | General stacks | 22/03/2026 | GEN | BC0010850 | 22/03/2026 | 22/03/2026 | Books |